000
00325nam a2200145Ia 4500
999
_c
14211
_d
14211
003
OSt
005
20260326190815.0
008
260210s9999 xx 000 0 und d
020
_a
9791189659042
082
_a
725.8
100
_a
archilab
245
0
_a
Nighbourhood Facility vol1
260
_b
archilab
942
_c
BPLAN
_2
ddc